Lirici greci /
Uloženo v:
| Další autoři: | , , , , , , , , , , , , , , , , , , |
|---|---|
| Médium: | Kniha |
| Jazyk: | italština Starořečtina |
| Vydáno: |
Milano :
Garzanti,
1980
|
| Vydání: | 3. ed |
| Edice: | I grandi libri Garzanti ;
155 |
| Tagy: |
Žádné tagy, Buďte první, kdo vytvoří štítek k tomuto záznamu!
|
MARC
| LEADER | 00000nam a22000007i 4500 | ||
|---|---|---|---|
| 001 | IT\ICCU\TO0\1037827 | ||
| 003 | ItRI | ||
| 005 | 20251003230950.0 | ||
| 008 | 020201s1980 it |||||| |||||0|||||c | ||
| 040 | |b ita |c ct | ||
| 041 | 7 | |a ita |a grc |2 ISO-639-2 | |
| 082 | |a 884.01 |2 19 | ||
| 245 | 0 | 0 | |a Lirici greci / |c a cura di Umberto Albini ; traduzione di Gennaro Perrotta. |
| 250 | |a 3. ed | ||
| 260 | |a Milano : |b Garzanti, |c 1980 | ||
| 300 | |a XXXIV, 414 p. ; |c 18 cm | ||
| 500 | |a Testo greco a fronte | ||
| 700 | 1 | |a Perrotta, Gennaro, |d (1900-1962) |0 IT\ICCU\CFIV\030876 | |
| 700 | 1 | |a Albini, Umberto, |d (1923-2011) |0 IT\ICCU\CFIV\038323 | |
| 700 | 1 | |a Mimnermo | |
| 700 | 1 | |a Archiloco | |
| 700 | 1 | |a Ipponatte | |
| 700 | 1 | |a Saffo | |
| 700 | 1 | |a Alceo | |
| 700 | 1 | |a Anacreonte | |
| 700 | 1 | |a Alcmane | |
| 700 | 1 | |a Stesicoro | |
| 700 | 1 | |a Ibico | |
| 700 | 1 | |a Simonide | |
| 700 | 1 | |a Bacchilide | |
| 700 | 1 | |a Pindaro | |
| 700 | 1 | |a Asclepiade | |
| 700 | 1 | |a Meleagro | |
| 700 | 1 | |a Bione | |
| 700 | 1 | |a Carmina popularia | |
| 700 | 1 | |a Carmina convivalia | |
| 830 | 2 | |a I grandi libri Garzanti ; |v 155 |0 IT\ICCU\CFI\0000048 | |
| 942 | |2 ddc |c BK | ||
| 952 | |0 0 |1 0 |2 ddc |4 0 |6 B_LCL02LIRGRLIR11 |7 0 |9 7567 |a MI |b MI |d 2011-10-03 |i 3062 |l 0 |o B-LCL02-LIRGR-LIR11 |p CDOM3062 |r 2025-07-13 16:28:00 |w 2025-07-13 |x DONO |y BK | ||
| 981 | 1 | |6 z01 |a i |b xxxe | |
| 982 | 1 | |6 z01 |a n | |
| 999 | |c 6257 |d 6257 | ||